Change and development in the Middle East : (Record no. 21751)

MARC details
000 -LEADER
fixed length control field 01122cam a22003015a 4500
001 - CONTROL NUMBER
control field 016801099
003 - CONTROL NUMBER IDENTIFIER
control field OSt
005 - DATE AND TIME OF LATEST TRANSACTION
control field 20160516134730.0
008 - FIXED-LENGTH DATA ELEMENTS--GENERAL INFORMATION
fixed length control field 140721s2013 enka frb 001 0 eng d
020 ## - INTERNATIONAL STANDARD BOOK NUMBER
International Standard Book Number 9780415825481 (pbk.)
040 ## - CATALOGING SOURCE
Original cataloging agency StDuBDS
Language of cataloging eng
Transcribing agency StDuBDS
Modifying agency EG-ScBUE
082 04 - DEWEY DECIMAL CLASSIFICATION NUMBER
Classification number 338.956
Edition number 22
Item number CHA
245 00 - TITLE STATEMENT
Title Change and development in the Middle East :
Remainder of title essays in honour of W.B. Fisher /
Statement of responsibility, etc edited by John Clarke I.and Howard Bowen-Jones.
260 ## - PUBLICATION, DISTRIBUTION, ETC. (IMPRINT)
Place of publication, distribution, etc Oxon ;
-- New York :
Name of publisher, distributor, etc Routledge Taylor & Francis Group,
Date of publication, distribution, etc 2013.
300 ## - PHYSICAL DESCRIPTION
Extent xiii, 322 p. :
Other physical details ill. ;
Dimensions 24 cm.
490 0# - Series Statement
Series statement Routledge revivals.
500 ## - GENERAL NOTE
General note Originally published: 1981.
500 ## - GENERAL NOTE
General note Index : p. [318]-322.
504 ## - BIBLIOGRAPHY, ETC. NOTE
Bibliography, etc Includes bibliographical references.
650 #7 - SUBJECT ADDED ENTRY--TOPICAL TERM
Topical term or geographic name as entry element Economic development
Geographic subdivision Middle East.
Source of heading or term BUEsh
9 (RLIN) 34383
651 #7 - SUBJECT ADDED ENTRY--GEOGRAPHIC NAME
Geographic name Middle East
General subdivision Economic conditions.
Source of heading or term BUEsh
9 (RLIN) 4446
651 #7 - SUBJECT ADDED ENTRY--GEOGRAPHIC NAME
Geographic name Middle East
General subdivision Economic policy.
Source of heading or term BUEsh
9 (RLIN) 29818
653 ## - INDEX TERM--UNCONTROLLED
Resource For college BAEPS, Political Science
Arrived date list May2016
700 1# - ADDED ENTRY--PERSONAL NAME
Personal name Clarke, John Innes,
Relator term editor.
700 1# - ADDED ENTRY--PERSONAL NAME
Personal name Bowen-Jones, Howard,
Relator term editor.
700 1# - ADDED ENTRY--PERSONAL NAME
Personal name Fisher, W. B.
Fuller form of name (William Bayne),
Relator term honouree.
942 ## - ADDED ENTRY ELEMENTS (KOHA)
Source of classification or shelving scheme Dewey Decimal Classification
Holdings
Withdrawn status Item status Source of classification or shelving scheme Damaged status Not for loan Vendor Home library Current library Shelving location Date acquired Source of acquisition Cost, normal purchase price Serial Enumeration / chronology Total Checkouts Full call number Barcode Date last seen Cost, replacement price Koha item type
    Dewey Decimal Classification     Alahram Central Library Central Library First floor 16/05/2016 Purchase 371.00 3   338.956 CHA 000032499 15/07/2025 463.75 Book - Borrowing